[Event "22. Torneo San Viator"]
[Site "Madrid ESP"]
[Date "2014.03.23"]
[Round "1.22"]
[White "Perez Gonzalez, Manuel"]
[Black "Alonso Penalver, Angel"]
[Result "1-0"]
[WhiteElo "1625"]
[BlackElo "1748"]
[PlyCount "107"]
[EventDate "2014.03.23"]
[EventType "swiss"]
[EventRounds "9"]
[EventCountry "ESP"]
[SourceTitle "Ajedrez en Madrid"]
[Source "lmi"]
[SourceDate "2014.03.23"]
[SourceVersion "1"]
[SourceVersionDate "2014.07.21"]
[SourceQuality "1"]

1. e4 e5 2. Nf3 Nc6 3. Bc4 Nf6 4. Ng5 d5 5. exd5 Na5 6. Bb5+ c6 7. dxc6 bxc6 8.
Ba4 Nd5 9. d3 h6 10. Ne4 Be7 11. O-O O-O 12. Nbc3 Be6 13. Bd2 Qd7 14. Ng3 Nb7
15. Qh5 Bg4 16. Qxe5 Bf6 17. Qxd5 Qxd5 18. Nxd5 cxd5 19. c3 Nc5 20. Bc2 Rab8
21. b4 Nd7 22. Bb3 Nb6 23. Rac1 Be5 24. a4 Bxg3 25. fxg3 Be2 26. Rfe1 Bxd3 27.
a5 Nc4 28. Bxc4 Bxc4 29. Re7 a6 30. Rce1 Rfd8 31. Be3 Re8 32. Bd4 Rxe7 33. Rxe7
Rd8 34. Kf2 Rd6 35. Re8+ Kh7 36. Re7 Kg6 37. Kf3 h5 38. h4 Bb5 39. g4 hxg4+ 40.
Kxg4 Bd7+ 41. Kf4 Be6 42. g3 Kh5 43. Bxg7 Rc6 44. Bd4 Rd6 45. Re8 Bh3 46. Rh8+
Rh6 47. g4+ Bxg4 48. Rxh6+ Kxh6 49. Kxg4 Kg6 50. h5+ Kh7 51. Kf5 Kh6 52. Kf6
Kxh5 53. Kxf7 Kg5 54. Ke6 1-0

[Event "22. Torneo San Viator"]
[Site "Madrid ESP"]
[Date "2014.03.23"]
[Round "1.23"]
[White "Algaba Traspuesto, Jose Antoni"]
[Black "Moreno Sanchez, Guillermo"]
[Result "1/2-1/2"]
[WhiteElo "1747"]
[BlackElo "1620"]
[PlyCount "64"]
[EventDate "2014.03.23"]
[EventType "swiss"]
[EventRounds "9"]
[EventCountry "ESP"]
[SourceTitle "Ajedrez en Madrid"]
[Source "lmi"]
[SourceDate "2014.03.23"]
[SourceVersion "1"]
[SourceVersionDate "2014.07.21"]
[SourceQuality "1"]

1. d4 d5 2. Nf3 Nf6 3. Bf4 e6 4. e3 c6 5. Nbd2 Bd6 6. Ne5 Qc7 7. Bd3 Nbd7 8.
Nxd7 Bxd7 9. Bxd6 Qxd6 10. Qf3 Rc8 11. Qg3 Qxg3 12. hxg3 h6 13. e4 dxe4 14.
Nxe4 Nxe4 15. Bxe4 Rd8 16. O-O-O Ke7 17. f4 f5 18. Bf3 Be8 19. g4 g6 20. gxf5
gxf5 21. c3 Bf7 22. Rh4 Rh7 23. Rdh1 Rdh8 24. Bh5 Bxh5 25. Rxh5 Kf6 26. Kd2 Kg6
27. Ke3 Rd8 28. b4 b5 29. Kf3 Rd5 30. g4 fxg4+ 31. Kxg4 Rxh5 32. Rxh5 Rd7
1/2-1/2

[Event "22. Torneo San Viator"]
[Site "Madrid ESP"]
[Date "2014.03.23"]
[Round "1.24"]
[White "Castro Uceda, Jose Antonio"]
[Black "Garcia-Osorio Prado, Miguel A"]
[Result "0-1"]
[WhiteElo "1620"]
[BlackElo "1742"]
[PlyCount "84"]
[EventDate "2014.03.23"]
[EventType "swiss"]
[EventRounds "9"]
[EventCountry "ESP"]
[SourceTitle "Ajedrez en Madrid"]
[Source "lmi"]
[SourceDate "2014.03.23"]
[SourceVersion "1"]
[SourceVersionDate "2014.07.21"]
[SourceQuality "1"]

1. d4 d5 2. c4 e6 3. e3 Nf6 4. Nc3 c5 5. Nf3 Nc6 6. Bd3 Bd6 7. O-O O-O 8. Re1
a6 9. a3 b6 10. b3 Bb7 11. Bc2 Re8 12. Qd3 g6 13. e4 dxe4 14. Nxe4 Nxe4 15.
Qxe4 Nxd4 16. Qd3 Bxf3 17. gxf3 Qh4 18. f4 Qg4+ 19. Kf1 Nf3 20. Re3 Qg1+ 21.
Ke2 Nd4+ 22. Kd2 Bxf4 23. Kc3 Bxe3 24. Qxe3 Qxh2 25. Be4 Rad8 26. Bd2 Nf5 27.
Qf4 Qxf4 28. Bxf4 Rd4 29. f3 e5 30. Bh2 Nd6 31. Bd5 Kg7 32. Re1 f6 33. b4 cxb4+
34. axb4 b5 35. Bg1 Nxc4 36. Be4 Rdd8 37. Ra1 Re6 38. Bb7 h5 39. Bxa6 Ra8 40.
Bxb5 Rxa1 41. Bxc4 Rc6 42. Be3 Ra3+ 0-1

[Event "22. Torneo San Viator"]
[Site "Madrid ESP"]
[Date "2014.03.23"]
[Round "1.25"]
[White "Petru, Marius Ioan"]
[Black "Perez Carballeira, Francisco"]
[Result "1-0"]
[WhiteElo "1742"]
[BlackElo "1606"]
[PlyCount "141"]
[EventDate "2014.03.23"]
[EventType "swiss"]
[EventRounds "9"]
[EventCountry "ESP"]
[SourceTitle "Ajedrez en Madrid"]
[Source "lmi"]
[SourceDate "2014.03.23"]
[SourceVersion "1"]
[SourceVersionDate "2014.07.21"]
[SourceQuality "1"]

1. e4 d5 2. exd5 Qxd5 3. Nc3 Qa5 4. Bc4 Nf6 5. d3 c6 6. Bd2 Qc7 7. a4 Bg4 8. f3
Bh5 9. Nge2 e6 10. a5 a6 11. O-O Bd6 12. g3 Nbd7 13. Ne4 Nxe4 14. dxe4 Ne5 15.
Nf4 Bxf3 16. Rxf3 Nxc4 17. Bc3 Be5 18. Qd3 Bxc3 19. Qxc3 Ne5 20. Rf2 O-O 21.
Raf1 Ng4 22. Nh5 Qe5 23. Qxe5 Nxe5 24. b3 Rad8 25. Nf4 Rd4 26. Re2 Rfd8 27. h3
R8d6 28. Kf2 Rd2 29. Ke3 Rxe2+ 30. Kxe2 Nd7 31. Nd3 f6 32. Ke3 e5 33. Ra1 Kf7
34. c3 c5 35. Rd1 Rc6 36. c4 Ke6 37. Nb2 Rd6 38. Rd5 Rxd5 39. cxd5+ Kd6 40.
Nc4+ Kc7 41. Kd3 b6 42. axb6+ Nxb6 43. g4 Nc8 44. Ke3 Kd7 45. Kd3 Na7 46. Ne3
Kd6 47. Nf5+ Kd7 48. Nxg7 Nb5 49. Nh5 Ke7 50. Kc4 Nd4 51. Kxc5 Nxb3+ 52. Kc6
Na5+ 53. Kb6 Nc4+ 54. Kxa6 Nd6 55. Ng3 Kd7 56. Kb6 Nc4+ 57. Kc5 Nd6 58. h4 Nb7+
59. Kb5 Nd6+ 60. Kb4 h6 61. Kc3 Nb5+ 62. Kd3 Ke7 63. Nf5+ Kd7 64. Nxh6 Nd6 65.
Nf5 Nb7 66. Kc4 Na5+ 67. Kb4 Nb7 68. Kb5 Ke8 69. Kb6 Nd8 70. Kc7 Nf7 71. Nd6+
1-0

[Event "22. Torneo San Viator"]
[Site "Madrid ESP"]
[Date "2014.03.23"]
[Round "1.26"]
[White "Marret, Constantin Pierre"]
[Black "Tsakas, Nikolaos"]
[Result "0-1"]
[WhiteElo "1605"]
[BlackElo "1738"]
[PlyCount "62"]
[EventDate "2014.03.23"]
[EventType "swiss"]
[EventRounds "9"]
[EventCountry "ESP"]
[SourceTitle "Ajedrez en Madrid"]
[Source "lmi"]
[SourceDate "2014.03.23"]
[SourceVersion "1"]
[SourceVersionDate "2014.07.21"]
[SourceQuality "1"]

1. Nf3 d5 2. d4 Nf6 3. g3 e6 4. Bg2 Nbd7 5. O-O c5 6. c4 Be7 7. b3 dxc4 8. bxc4
cxd4 9. Nxd4 O-O 10. Qb3 Nc5 11. Qc2 Qxd4 12. Bb2 Qd7 13. Nc3 a6 14. Rab1 Qc7
15. Bc1 Bd7 16. Rd1 Bc6 17. e4 Rfd8 18. Bf4 Bd6 19. Be3 Ncd7 20. Na4 Bxa4 21.
Qxa4 Ng4 22. Rxd6 Nxe3 23. Rxd7 Qxd7 24. Qxd7 Rxd7 25. fxe3 Rad8 26. Bf3 e5 27.
Bg4 Rc7 28. c5 Rd2 29. c6 Rxc6 30. Rxb7 Rc1+ 31. Bd1 Rcxd1# 0-1

[Event "22. Torneo San Viator"]
[Site "Madrid ESP"]
[Date "2014.03.23"]
[Round "1.27"]
[White "Lacaci Otero, Ivan"]
[Black "Ramos Pinto, Jose Maria"]
[Result "1-0"]
[WhiteElo "1728"]
[BlackElo "1599"]
[PlyCount "85"]
[EventDate "2014.03.23"]
[EventType "swiss"]
[EventRounds "9"]
[EventCountry "ESP"]
[SourceTitle "Ajedrez en Madrid"]
[Source "lmi"]
[SourceDate "2014.03.23"]
[SourceVersion "1"]
[SourceVersionDate "2014.07.21"]
[SourceQuality "1"]

1. e4 g6 2. d4 Bg7 3. c4 d6 4. Nc3 c5 5. Nf3 Bg4 6. dxc5 Qa5 7. Be2 Bxc3+ 8.
bxc3 Qxc3+ 9. Bd2 Qa3 10. cxd6 exd6 11. Nd4 Bxe2 12. Qxe2 Qb2 13. O-O Qxd4 14.
Rfd1 Qc5 15. Bc3 f6 16. Rd5 Qa3 17. Qd2 Nc6 18. Rxd6 Rd8 19. Rd5 Qe7 20. Rd1 h5
21. Qb2 Rh6 22. Qb5 Rxd5 23. exd5 Qd7 24. Bd2 Rh7 25. dxc6 bxc6 26. Qb2 Qc7 27.
Qb3 f5 28. Bg5 Rd7 29. Re1+ Kf7 30. Qc3 c5 31. Qh8 Qc8 32. Qh7+ Kf8 33. Qxg6
Rf7 34. Qxh5 Qa6 35. Qe2 Qc6 36. h4 Qd6 37. Qe8+ Kg7 38. Qe5+ Qxe5 39. Rxe5 Nf6
40. Rxf5 Kg6 41. Rxf6+ Rxf6 42. Bxf6 Kxf6 43. g4 1-0

[Event "22. Torneo San Viator"]
[Site "Madrid ESP"]
[Date "2014.03.23"]
[Round "1.28"]
[White "Andres Rodriguez, Florencio"]
[Black "Correas Aguilera, Eufemio"]
[Result "0-1"]
[WhiteElo "1588"]
[BlackElo "1727"]
[PlyCount "63"]
[EventDate "2014.03.23"]
[EventType "swiss"]
[EventRounds "9"]
[EventCountry "ESP"]
[SourceTitle "Ajedrez en Madrid"]
[Source "lmi"]
[SourceDate "2014.03.23"]
[SourceVersion "1"]
[SourceVersionDate "2014.07.21"]
[SourceQuality "1"]

1. d4 d5 2. c4 e6 3. Nc3 c5 4. e3 Nf6 5. Nf3 Nc6 6. b3 cxd4 7. exd4 Bb4 8. Bd2
dxc4 9. a3 Bxc3 10. Bxc3 cxb3 11. Qxb3 O-O 12. Bd3 e5 13. Bc4 exd4 14. Rd1 Qe7+
15. Be2 dxc3 16. Rd3 Be6 17. Qxc3 Rfd8 18. Re3 Nd5 19. Qc2 Nxe3 20. fxe3 Bg4
21. O-O Qxe3+ 22. Kh1 Bxf3 23. Bxf3 Nd4 24. Qb2 Nxf3 25. gxf3 Qd2 26. Qe5 Re8
27. Qg3 Rac8 28. Rg1 g6 29. h4 Rc1 30. Rxc1 Qxc1+ 31. Kg2 Re2+ 32. Kh3 0-1

[Event "22. Torneo San Viator"]
[Site "Madrid ESP"]
[Date "2014.03.23"]
[Round "1.29"]
[White "Tolosana Esteban, Enrique"]
[Black "Vega De Alba, Miguel"]
[Result "1-0"]
[WhiteElo "1716"]
[BlackElo "1582"]
[PlyCount "55"]
[EventDate "2014.03.23"]
[EventType "swiss"]
[EventRounds "9"]
[EventCountry "ESP"]
[SourceTitle "Ajedrez en Madrid"]
[Source "lmi"]
[SourceDate "2014.03.23"]
[SourceVersion "1"]
[SourceVersionDate "2014.07.21"]
[SourceQuality "1"]

1. e4 c6 2. d4 d5 3. Nc3 dxe4 4. Nxe4 Bf5 5. Ng3 Bg6 6. h4 h6 7. Bc4 Nf6 8. c3
e6 9. N1e2 Nbd7 10. Nf4 Bh7 11. Qe2 Qe7 12. O-O O-O-O 13. Nd3 Nd5 14. h5 N7f6
15. f4 Qc7 16. Ne5 Bd6 17. f5 exf5 18. Nxf5 Bxf5 19. Rxf5 g6 20. hxg6 Bxe5 21.
dxe5 fxg6 22. Rxf6 Nxf6 23. exf6 Rhe8 24. Qg4+ Rd7 25. Be6 Rxe6 26. Qxe6 Qb6+
27. Be3 Qxb2 28. Rd1 1-0

[Event "22. Torneo San Viator"]
[Site "Madrid ESP"]
[Date "2014.03.23"]
[Round "1.30"]
[White "Perez Puebla, David"]
[Black "Campomanes Rodriguez, Javier"]
[Result "1/2-1/2"]
[WhiteElo "1581"]
[BlackElo "1713"]
[PlyCount "113"]
[EventDate "2014.03.23"]
[EventType "swiss"]
[EventRounds "9"]
[EventCountry "ESP"]
[SourceTitle "Ajedrez en Madrid"]
[Source "lmi"]
[SourceDate "2014.03.23"]
[SourceVersion "1"]
[SourceVersionDate "2014.07.21"]
[SourceQuality "1"]

1. e4 d6 2. d4 e5 3. dxe5 dxe5 4. Qxd8+ Kxd8 5. Bc4 f6 6. Nf3 Bd6 7. O-O c6 8.
Be3 Kc7 9. Nc3 Nd7 10. a3 Nb6 11. Ba2 Ne7 12. Rfd1 Bg4 13. Rd2 Bxf3 14. gxf3 g5
15. Rad1 Rad8 16. Ne2 Ng6 17. Kg2 Be7 18. Rxd8 Rxd8 19. Rxd8 Bxd8 20. Be6 h5
21. Bf7 Nf4+ 22. Nxf4 exf4 23. Bxb6+ Kxb6 24. Bxh5 Be7 25. Bf7 Kc5 26. Kf1 Kd4
27. Ke2 a5 28. Ba2 c5 29. c3+ Ke5 30. Kd3 b5 31. h3 f5 32. Bd5 c4+ 33. Ke2 b4
34. axb4 axb4 35. cxb4 Kd4 36. b5 Bc5 37. Bc6 Bb6 38. Bd5 Kc5 39. Bb7 Kxb5 40.
Kd2 Bd4 41. Kc2 Kc5 42. exf5 Kd6 43. Ba6 Kd5 44. Bb5 Kc5 45. Ba6 Kb4 46. Bc8
Bxf2 47. Be6 Bd4 48. Bd5 Kc5 49. Be6 Bf6 50. Bf7 Kd4 51. Kd2 Be7 52. Be6 Bb4+
53. Ke2 c3 54. bxc3+ Bxc3 55. Kf1 Ke5 56. Kg2 Kf6 57. Bc8 1/2-1/2

[Event "22. Torneo San Viator"]
[Site "Madrid ESP"]
[Date "2014.03.23"]
[Round "1.31"]
[White "Corrochano Utrilla, David"]
[Black "Simarro Cabrera, Jorge"]
[Result "1-0"]
[WhiteElo "1710"]
[BlackElo "1581"]
[PlyCount "98"]
[EventDate "2014.03.23"]
[EventType "swiss"]
[EventRounds "9"]
[EventCountry "ESP"]
[SourceTitle "Ajedrez en Madrid"]
[Source "lmi"]
[SourceDate "2014.03.23"]
[SourceVersion "1"]
[SourceVersionDate "2014.07.21"]
[SourceQuality "1"]

1. e4 e5 2. Nf3 Nc6 3. d4 exd4 4. c3 d5 5. exd5 Qxd5 6. cxd4 Bg4 7. Nc3 Bb4 8.
Bd2 Qe6+ 9. Be3 Nf6 10. Be2 O-O-O 11. O-O h5 12. Ng5 Qd7 13. a3 Ba5 14. f3 Bf5
15. Bb5 Rhf8 16. Qa4 Bb6 17. Rfd1 Nd5 18. Nxd5 Qxd5 19. Bxc6 Qxc6 20. Qxc6 bxc6
21. Rac1 f6 22. Nh3 Bxh3 23. gxh3 Rfe8 24. Bf2 Kb7 25. b4 Rd5 26. Rc4 g5 27.
Kf1 f5 28. Re1 Rxe1+ 29. Kxe1 g4 30. hxg4 fxg4 31. fxg4 hxg4 32. Kf1 a5 33. Kg2
Rg5 34. Bg3 Rd5 35. Be5 Rd8 36. Kg3 Rg8 37. Rc2 axb4 38. axb4 Rg6 39. Kf4 Ka6
40. Kf5 Rg8 41. Rxc6 Kb5 42. Rc2 Kxb4 43. Ke4 Rd8 44. Rg2 Kc4 45. d5 Rxd5 46.
Rc2+ Kb3 47. Rc3+ Kb4 48. Kxd5 c5 49. Rc4+ Kb3 1-0

[Event "22. Torneo San Viator"]
[Site "Madrid ESP"]
[Date "2014.03.23"]
[Round "1.33"]
[White "Moreno Zamora, Gregorio"]
[Black "Dominguez Lerida, Nicolas"]
[Result "1-0"]
[WhiteElo "1702"]
[BlackElo "1577"]
[PlyCount "61"]
[EventDate "2014.03.23"]
[EventType "swiss"]
[EventRounds "9"]
[EventCountry "ESP"]
[SourceTitle "Ajedrez en Madrid"]
[Source "lmi"]
[SourceDate "2014.03.23"]
[SourceVersion "1"]
[SourceVersionDate "2014.07.21"]
[SourceQuality "1"]

1. d4 d5 2. c4 e6 3. Nc3 Nf6 4. Bg5 Nbd7 5. Nf3 c6 6. e3 Qa5 7. cxd5 Nxd5 8.
Qd2 Bb4 9. Rc1 h6 10. Bh4 O-O 11. Bd3 e5 12. dxe5 Nxc3 13. bxc3 Ba3 14. Rb1
Nxe5 15. Nxe5 Qxe5 16. O-O Re8 17. Rbd1 Be7 18. Bg3 Qc5 19. Qc2 Bf6 20. c4 Kh8
21. Be2 Qe7 22. Bd6 Qe6 23. h3 Be5 24. c5 f5 25. Bh5 Rd8 26. Bxe5 Rxd1 27. Qxd1
Qxe5 28. Qd8+ Kh7 29. Bf7 h5 30. Qg8+ Kh6 31. h4 1-0

[Event "22. Torneo San Viator"]
[Site "Madrid ESP"]
[Date "2014.03.23"]
[Round "1.34"]
[White "Gonzalez Hilla, Antonio"]
[Black "San Felipe Gonzalez, Tomas"]
[Result "0-1"]
[WhiteElo "1575"]
[BlackElo "1701"]
[PlyCount "98"]
[EventDate "2014.03.23"]
[EventType "swiss"]
[EventRounds "9"]
[EventCountry "ESP"]
[SourceTitle "Ajedrez en Madrid"]
[Source "lmi"]
[SourceDate "2014.03.23"]
[SourceVersion "1"]
[SourceVersionDate "2014.07.21"]
[SourceQuality "1"]

1. b3 Nc6 2. Bb2 e6 3. e3 Nf6 4. f4 Be7 5. Nf3 d6 6. Bb5 a6 7. Bxc6+ bxc6 8.
O-O O-O 9. d3 Nd5 10. Qe2 a5 11. c3 Bf6 12. Qd2 Ba6 13. Rd1 Qb8 14. e4 Qb6+ 15.
Kh1 Ne7 16. e5 Nd5 17. exf6 Nxf6 18. c4 Ng4 19. Rf1 Rab8 20. Bd4 c5 21. Bc3 a4
22. h3 Nh6 23. bxa4 Nf5 24. a5 Ng3+ 25. Kg1 Nxf1 26. axb6 Nxd2 27. Nbxd2 cxb6
28. Ne4 d5 29. Ned2 b5 30. Ne5 Rb7 31. a3 d4 32. Ba5 Ra8 33. Ne4 bxc4 34. Nxc4
Bxc4 35. Nxc5 Rb5 36. Bb4 Rxb4 37. Rc1 Rxa3 38. dxc4 g6 39. Nd7 Rc3 40. Rd1
Rbxc4 41. Kh2 Kg7 42. Ne5 Ra4 43. Rd2 f6 44. Nf3 d3 45. Ne1 Rxf4 46. Nxd3 Rd4
47. Re2 Rdxd3 48. Rxe6 Rd2 49. Ra6 Rcc2 0-1

[Event "22. Torneo San Viator"]
[Site "Madrid ESP"]
[Date "2014.03.23"]
[Round "1.35"]
[White "Lopez Munoz, Pedro"]
[Black "Perez Puebla, Fernando"]
[Result "1/2-1/2"]
[WhiteElo "1699"]
[BlackElo "1575"]
[PlyCount "54"]
[EventDate "2014.03.23"]
[EventType "swiss"]
[EventRounds "9"]
[EventCountry "ESP"]
[SourceTitle "Ajedrez en Madrid"]
[Source "lmi"]
[SourceDate "2014.03.23"]
[SourceVersion "1"]
[SourceVersionDate "2014.07.21"]
[SourceQuality "1"]

1. b3 d5 2. Bb2 Nf6 3. e3 Bf5 4. f4 e6 5. Nf3 Be7 6. Be2 Nc6 7. d3 O-O 8. Ne5
Nxe5 9. fxe5 Ng4 10. Bxg4 Bxg4 11. Qxg4 Bh4+ 12. g3 f5 13. exf6 Bxf6 14. Qxe6+
Kh8 15. Bxf6 Rxf6 16. Qh3 Qe7 17. g4 Re8 18. Nc3 Qb4 19. Ke2 Qxc3 20. Rac1 Ref8
21. Qg2 c6 22. h4 d4 23. e4 Rf2+ 24. Qxf2 Rxf2+ 25. Kxf2 Qd2+ 26. Kg3 Qe3+ 27.
Kg2 Qe2+ 1/2-1/2

[Event "22. Torneo San Viator"]
[Site "Madrid ESP"]
[Date "2014.03.23"]
[Round "1.36"]
[White "Alonso Ibanez, Jose"]
[Black "Franco Rincon, David"]
[Result "0-1"]
[WhiteElo "1572"]
[BlackElo "1685"]
[PlyCount "114"]
[EventDate "2014.03.23"]
[EventType "swiss"]
[EventRounds "9"]
[EventCountry "ESP"]
[SourceTitle "Ajedrez en Madrid"]
[Source "lmi"]
[SourceDate "2014.03.23"]
[SourceVersion "1"]
[SourceVersionDate "2014.07.21"]
[SourceQuality "1"]

1. e4 e5 2. Nf3 Nc6 3. Bc4 Bc5 4. Nc3 d6 5. O-O Bg4 6. h3 Bh5 7. Bb5 Nge7 8. d3
O-O 9. Be3 Bb6 10. Nd5 Nxd5 11. exd5 Ne7 12. c4 f5 13. Bxb6 axb6 14. Qe2 Kh8
15. Rfe1 c6 16. dxc6 bxc6 17. Bxc6 Nxc6 18. Qe3 Bxf3 19. Qxf3 Nd4 20. Qd1 f4
21. f3 Qh4 22. Rf1 Rf6 23. Qe1 Qh5 24. Qe4 Raf8 25. Rf2 Rg6 26. Kf1 Nf5 27. Qb7
Ne3+ 28. Ke2 Nxg2 29. Qe7 Qf5 30. Rg1 Nh4 31. Rg4 Rxg4 32. hxg4 Qg6 33. Qb7 Qe8
34. Qe4 Qa8 35. a3 Qxe4+ 36. dxe4 Rc8 37. b3 Ng6 38. Kd3 Nf8 39. Kc3 Ne6 40.
Kb4 Nd4 41. a4 Kg8 42. a5 Nc6+ 43. Kb5 Nxa5 44. Rd2 Nxb3 45. Rxd6 Nd4+ 46. Kxb6
Rxc4 47. Rd8+ Kf7 48. Rd7+ Kf6 49. Rd6+ Kg5 50. Rd7 Kh6 51. Rd6+ g6 52. Rd7
Nxf3 53. Rd5 Kg5 54. Kb5 Rd4 55. Rc5 Kxg4 56. Rc7 h5 57. Rg7 Kg5 0-1

[Event "22. Torneo San Viator"]
[Site "Madrid ESP"]
[Date "2014.03.23"]
[Round "1.38"]
[White "Valdes Sanchez, Jesus Manuel"]
[Black "Sierra Bermejo, Gregorio"]
[Result "1/2-1/2"]
[WhiteElo "1569"]
[BlackElo "1661"]
[PlyCount "51"]
[EventDate "2014.03.23"]
[EventType "swiss"]
[EventRounds "9"]
[EventCountry "ESP"]
[SourceTitle "Ajedrez en Madrid"]
[Source "lmi"]
[SourceDate "2014.03.23"]
[SourceVersion "1"]
[SourceVersionDate "2014.07.21"]
[SourceQuality "1"]

1. e4 d6 2. Bc4 Nf6 3. Nc3 g6 4. Nf3 Bg7 5. d4 O-O 6. Bg5 c5 7. e5 dxe5 8. dxe5
Ng4 9. Qxd8 Rxd8 10. Bxe7 Re8 11. Bxc5 Nxe5 12. Nxe5 Rxe5+ 13. Be3 Bh6 14. O-O
Bg7 15. Nd5 Nc6 16. Nc7 Rb8 17. Bf4 Re4 18. Nd5 Rxc4 19. Bxb8 Nxb8 20. c3 Be6
21. Rfe1 Bf8 22. Rad1 Na6 23. Nf6+ Kg7 24. Ne8+ Kg8 25. Nf6+ Kg7 26. Ne8+
1/2-1/2

[Event "22. Torneo San Viator"]
[Site "Madrid ESP"]
[Date "2014.03.23"]
[Round "1.39"]
[White "Jaumandreu Llopis, Antonio"]
[Black "Gonzalez Reyes, Felix"]
[Result "1-0"]
[WhiteElo "1563"]
[BlackElo "1561"]
[PlyCount "59"]
[EventDate "2014.03.23"]
[EventType "swiss"]
[EventRounds "9"]
[EventCountry "ESP"]
[SourceTitle "Ajedrez en Madrid"]
[Source "lmi"]
[SourceDate "2014.03.23"]
[SourceVersion "1"]
[SourceVersionDate "2014.07.21"]
[SourceQuality "1"]

1. e4 d5 2. exd5 Qxd5 3. Nc3 Qd8 4. Bc4 Nf6 5. Nf3 Bg4 6. Bxf7+ Kxf7 7. Ne5+
Ke8 8. Nxg4 c6 9. O-O Qd6 10. Nxf6+ gxf6 11. Re1 Kd8 12. d3 Na6 13. a3 h5 14.
Qe2 Bh6 15. Ne4 Qe5 16. d4 Qe6 17. Bxh6 Rxh6 18. Qd2 Rh8 19. Ng5 Qd5 20. Ne6+
Kd7 21. Qe3 Qd6 22. Nc5+ Kc7 23. Rad1 Rae8 24. c4 Rhg8 25. b4 Rg5 26. Ne6+ Kb8
27. Nxg5 fxg5 28. Qe5 Qxe5 29. Rxe5 Kc8 30. Rxg5 1-0

[Event "22. Torneo San Viator"]
[Site "Madrid ESP"]
[Date "2014.03.23"]
[Round "1.40"]
[White "Enriquez Pastor, Jorge"]
[Black "Vega De Las Heras, Carlos"]
[Result "0-1"]
[WhiteElo "1401"]
[BlackElo "1560"]
[PlyCount "54"]
[EventDate "2014.03.23"]
[EventType "swiss"]
[EventRounds "9"]
[EventCountry "ESP"]
[SourceTitle "Ajedrez en Madrid"]
[Source "lmi"]
[SourceDate "2014.03.23"]
[SourceVersion "1"]
[SourceVersionDate "2014.07.21"]
[SourceQuality "1"]

1. e4 c6 2. d4 d5 3. e5 c5 4. dxc5 e6 5. Bb5+ Bd7 6. Bxd7+ Nxd7 7. Nf3 Bxc5 8.
O-O Ne7 9. Re1 Ng6 10. Nc3 O-O 11. Be3 Bxe3 12. Rxe3 Rc8 13. Qd4 a6 14. Rc1 Rc4
15. Qd2 Qb6 16. b3 Rcc8 17. Rd1 Qc7 18. Qd4 Ndxe5 19. Nxe5 Nxe5 20. Qxe5 Qxe5
21. Rxe5 Rxc3 22. Rc1 Rfc8 23. Re2 d4 24. Kf1 d3 25. Rd2 Rxc2 26. Rcd1 Rxd2 27.
Rxd2 Rc1+ 0-1

[Event "22. Torneo San Viator"]
[Site "Madrid ESP"]
[Date "2014.03.23"]
[Round "1.41"]
[White "Gutierrez Chamorro, Alejandro"]
[Black "Lopez Mijail, Nicolas"]
[Result "1-0"]
[WhiteElo "1555"]
[BlackElo "1389"]
[PlyCount "69"]
[EventDate "2014.03.23"]
[EventType "swiss"]
[EventRounds "9"]
[EventCountry "ESP"]
[SourceTitle "Ajedrez en Madrid"]
[Source "lmi"]
[SourceDate "2014.03.23"]
[SourceVersion "1"]
[SourceVersionDate "2014.07.21"]
[SourceQuality "1"]

1. e4 c5 2. Nf3 Nc6 3. d4 cxd4 4. Nxd4 Nf6 5. Nc3 d5 6. exd5 Nxd5 7. Nxc6 bxc6
8. Nxd5 Qxd5 9. Qxd5 cxd5 10. Bb5+ Bd7 11. Bxd7+ Kxd7 12. Be3 e5 13. c3 Bd6 14.
Rd1 Ke6 15. Ke2 f5 16. g3 Rhb8 17. Rd2 Rb5 18. Rhd1 Rab8 19. b3 Ra5 20. f4 Rc8
21. c4 d4 22. fxe5 Rxe5 23. Rxd4 Bc5 24. R4d3 g5 25. Kf3 g4+ 26. Kf2 Bxe3+ 27.
Rxe3 Rc7 28. Rxe5+ Kxe5 29. Ke3 h5 30. Rd5+ Ke6 31. Kf4 Rf7 32. Re5+ Kd6 33.
Rxf5 Rh7 34. b4 Ke6 35. Ra5 1-0

[Event "22. Torneo San Viator"]
[Site "Madrid ESP"]
[Date "2014.03.23"]
[Round "1.42"]
[White "Vega De Alba, Carlos"]
[Black "Alonso Pardo, Daniel"]
[Result "0-1"]
[WhiteElo "1388"]
[BlackElo "1552"]
[PlyCount "58"]
[EventDate "2014.03.23"]
[EventType "swiss"]
[EventRounds "9"]
[EventCountry "ESP"]
[SourceTitle "Ajedrez en Madrid"]
[Source "lmi"]
[SourceDate "2014.03.23"]
[SourceVersion "1"]
[SourceVersionDate "2014.07.21"]
[SourceQuality "1"]

1. d4 d5 2. c4 Nf6 3. Bg5 e6 4. e3 Be7 5. Bd3 b6 6. Qc2 g6 7. Nf3 Bb7 8. Nc3
Ng8 9. Bxe7 Qxe7 10. O-O dxc4 11. Be4 c6 12. Ne5 Qc7 13. Nxc4 Nd7 14. Nd2 Ngf6
15. Nf3 Rc8 16. b3 O-O 17. Nd2 Nxe4 18. Ndxe4 e5 19. Qd3 Rfd8 20. Rac1 Qb8 21.
d5 cxd5 22. Nxd5 Kf8 23. Ndf6 Nxf6 24. Rxc8 Qxc8 25. Qb5 Bxe4 26. Qxe5 Qe6 27.
Qc7 Qd6 28. Qxa7 Ng4 29. h3 Qh2# 0-1

[Event "22. Torneo San Viator"]
[Site "Madrid ESP"]
[Date "2014.03.23"]
[Round "1.43"]
[White "Garcia Rojas, Juan Carlos"]
[Black "Jimenez Sanchez, Juan Daniel"]
[Result "1-0"]
[WhiteElo "1548"]
[BlackElo "1367"]
[PlyCount "73"]
[EventDate "2014.03.23"]
[EventType "swiss"]
[EventRounds "9"]
[EventCountry "ESP"]
[SourceTitle "Ajedrez en Madrid"]
[Source "lmi"]
[SourceDate "2014.03.23"]
[SourceVersion "1"]
[SourceVersionDate "2014.07.21"]
[SourceQuality "1"]

1. d4 e6 2. c4 d5 3. e3 Nf6 4. Bd3 Bb4+ 5. Bd2 Bxd2+ 6. Nxd2 O-O 7. Ngf3 Nbd7
8. b4 c6 9. O-O Re8 10. Ne5 Qc7 11. f4 b6 12. Qc2 dxc4 13. Ndxc4 Bb7 14. Nxd7
Qxd7 15. Ne5 Qc8 16. Rac1 Qc7 17. Bb5 Nd5 18. Qd2 Ne7 19. a3 Rac8 20. Bd3 Nd5
21. e4 Nf6 22. Qe2 Red8 23. Qf2 Qd6 24. Nf3 Qxf4 25. g3 Qc7 26. e5 Ng4 27. Qe2
Qe7 28. Qe4 f5 29. exf6 Nxf6 30. Qh4 h6 31. Bg6 c5 32. dxc5 bxc5 33. Ne5 Rd4
34. Qh3 c4 35. Bf7+ Kh7 36. Bxe6 Re8 37. Qf5+ 1-0

[Event "22. Torneo San Viator"]
[Site "Madrid ESP"]
[Date "2014.03.23"]
[Round "1.44"]
[White "Barragan Arriaza, Pablo"]
[Black "Brasa Olmos, Joaquin"]
[Result "1-0"]
[WhiteElo "1361"]
[BlackElo "1532"]
[PlyCount "90"]
[EventDate "2014.03.23"]
[EventType "swiss"]
[EventRounds "9"]
[EventCountry "ESP"]
[SourceTitle "Ajedrez en Madrid"]
[Source "lmi"]
[SourceDate "2014.03.23"]
[SourceVersion "1"]
[SourceVersionDate "2014.07.21"]
[SourceQuality "1"]

1. c4 c5 2. g3 Nf6 3. Bg2 e6 4. Nc3 Be7 5. d3 O-O 6. Nf3 d6 7. O-O Nbd7 8. Bd2
Nb6 9. a3 Bd7 10. b4 Rc8 11. b5 d5 12. Qb3 dxc4 13. dxc4 Ne8 14. Bf4 Bd6 15.
Bxd6 Nxd6 16. Nd2 Rc7 17. Rfd1 Qe7 18. a4 Bc8 19. a5 Na8 20. b6 Rd7 21. bxa7
Rfd8 22. Nde4 Nf5 23. Rxd7 Rxd7 24. Qb5 Rc7 25. e3 Bd7 26. Qb3 Bc6 27. Na4 Bxa4
28. Qxa4 e5 29. Qb5 Rc6 30. Nc3 Nd6 31. Nd5 Qd8 32. Qb3 e4 33. Nb6 Nxb6 34.
axb6 Rc8 35. Qa4 Ra8 36. Rd1 Qxb6 37. Qd7 Nxc4 38. Bxe4 Ne5 39. Qxb7 Qxa7 40.
Qxa8+ Qxa8 41. Bxa8 g6 42. Rd5 Nf3+ 43. Kg2 Ne1+ 44. Kf1 Nf3 45. Rd8+ Kg7 1-0